Visualizzazione normale
Vista MARC
- Morey Larry
di Personal Name
Records bibliografici associati: 1
001 - CONTROL NUMBER
- control field: 28962
003 - CONTROL NUMBER IDENTIFIER
- control field: IT-RoPau
005 - DATE AND TIME OF LATEST TRANSACTION
- control field: 20140612095620.0
008 - FIXED-LENGTH DATA ELEMENTS
- fixed length control field: 140612|| aca||aabn | a|a d
040 ## - CATALOGING SOURCE
- Original cataloging agency: IT-RoPau
- Transcribing agency: IT-RoPau
100 ## - HEADING--PERSONAL NAME
- Personal name: Morey Larry
670 ## - SOURCE DATA FOUND
- Source citation: Work cat.: (IT-RoPau)101857: Morey Larry, Biancaneve e i sette nani